| 000 | 00479nam a22001577a 4500 | ||
|---|---|---|---|
| 003 | NUST | ||
| 038 | _a. | ||
| 082 | _a200 THE | ||
| 100 |
_aMuhammad Usman Rauf _973185 |
||
| 245 | _aTH-SOF-1777-Pixel-Based Classification of Major Rice Varieties using Sentinel-2 L2A Data via CNN in Spectral and Time Domain | ||
| 260 |
_aISLAMABAD _bNUST COLLEGE OF EME _c2020 |
||
| 563 | _a. | ||
| 650 |
_aMS-MTS-16 _973149 |
||
| 700 |
_aSupervisor Dr. Hamid Jabbar _973186 |
||
| 942 |
_cCF _2ddc |
||
| 999 |
_c579012 _d579012 |
||